Countries the Nile flows trough - Sudden Death - Statistics

General Stats
  • This quiz has been taken 26 times
  • The average score is 6 of 10
Answers on the Grid
Answers color-coded by a green-red scale on the quiz's grid according to % correct below.
Burundi
Central African Republic
Djibouti
DR Congo
Egypt
Eritrea
Ethiopia
Jordan
Kenya
Libya
Malawi
Rwanda
Somalia
South Sudan
Sudan
Tanzania
Uganda
Zambia
 
Answer Stats
Answer % Correct
Egypt
100%
South Sudan
100%
Sudan
100%
DR Congo
75%
Ethiopia
75%
Uganda
50%
Burundi
25%
Kenya
25%
Rwanda
25%
Tanzania
25%
No matching quizzes found
Score Distribution
Percent of People with Each Score
Percentile by Number Answered
Your Score History
You have not taken this quiz